00774cam a22001934a 4500020003500000020003600035020001800071082001700089100002800106245006400134250001200198260007000210300002500280650004000305650004000345856005900385856006800444856006800512 a0470091827 (pbk. : alk. paper) a0470091819 (cloth : alk. paper) a978047009182100a541.0285 CRA1 aCramer, Christopher J.,10aEssentials of computational chemistry : theories and models a2nd ed. aChichester, West Sussex, England ;aHoboken, NJ :bWiley,cc2004. axx, 596 p. :bill. ; 0aChemistry, Physical and theoretical 0aChemistry, Physical and theoretical41uhttp://www.loc.gov/catdir/toc/wiley051/2004015537.html42uhttp://www.loc.gov/catdir/enhancements/fy0616/2004015537-b.html42uhttp://www.loc.gov/catdir/enhancements/fy0616/2004015537-d.html